[Event "Colonia de Sant Jordi op 2nd"]
[Site "Colonia de Sant Jordi"]
[Date "2023.06.12"]
[Round "3"]
[White "Lasinskas, Povilas"]
[Black "Haraldsson, Leif"]
[Result "1-0"]
[WhiteElo "2131"]
[BlackElo "1821"]
[PlyCount "55"]
[EventDate "2023.06.10"]
[EventType "swiss"]
[EventRounds "9"]
[EventCountry "ESP"]
[SourceTitle "CBM 214 Extra"]
[Source "ChessBase"]
[SourceDate "2023.07.31"]
[SourceVersion "1"]
[SourceVersionDate "2023.07.31"]
[SourceQuality "1"]

1. d4 d6 2. Nf3 Nd7 3. Bg5 c6 4. Nc3 Qc7 5. e3 e5 6. dxe5 dxe5 7. a3 f5 8. Nh4 g6 9. Nxf5 Nc5 10. Nh4 Ne6 11. Nf3 Nxg5 12. Nxg5 Be7 13. Nge4 Be6 14. Bd3 Nh6 15. Qe2 b5 16. h4 0-0-0 17. 0-0-0 Rhf8 18. Ng5 Bg8 19. Nce4 Qa5 20. c3 Nf5 21. h5 Nd6 22. Nxd6+ Bxd6 23. hxg6 Bb3 24. Bc2 Bc4 25. Qg4+ Kb8 26. Ne6 Bxa3 27. Rxd8+ Rxd8 28. Nxd8 1-0

[Event "Karlstad op"]
[Site "Karlstad"]
[Date "2022.12.27"]
[Round "2"]
[White "Lind, Jan Olov"]
[Black "Haraldsson, Leif"]
[Result "0-1"]
[WhiteElo "2216"]
[BlackElo "1911"]
[PlyCount "96"]
[EventDate "2022.12.27"]
[EventType "swiss"]
[EventRounds "8"]
[EventCountry "SWE"]
[SourceTitle "CBM 211 Extra"]
[Source "ChessBase"]
[SourceDate "2023.01.31"]
[SourceVersion "1"]
[SourceVersionDate "2023.01.31"]
[SourceQuality "1"]

1. Nf3 d6 2. e4 Nd7 3. d4 e5 4. Bc4 c6 5. a4 h6 6. dxe5 dxe5 7. Bxf7+ Kxf7 8. Nxe5+ Kf6 9. Qf3+ Kxe5 10. Qf5+ Kd6 11. Bf4+ Ke7 12. Nc3 Nb6 13. Qc5+ Kf7 14. Qh5+ g6 15. Qf3 Ke8 16. Qg3 Kf7 17. Rd1 Qe7 18. Bd6 Qf6 19. Be5 Qg5 20. Bxh8 Be7 21. 0-0 Be6 22. Qf3+ Nf6 23. Bxf6 Qxf6 24. Qe3 Kg7 25. e5 Qf5 26. f4 Nc4 27. Qc1 Bc5+ 28. Kh1 Ne3 29. h3 Nxf1 30. Rxf1 h5 31. Qd2 Rf8 32. Qe2 Kh6 33. Ne4 Be7 34. b3 Bd5 35. Nf2 Bc5 36. Ng4+ hxg4 37. hxg4 Qe4 38. Qxe4 Bxe4 39. Kh2 Rd8 40. f5 gxf5 41. gxf5 Kg5 42. f6 Bf5 43. Kg3 Rd5 44. f7 Rxe5 45. c3 Re3+ 46. Kh2 Re7 47. f8Q Rh7+ 48. Kg3 Bxf8 0-1

[Event "Karlstad op"]
[Site "Karlstad"]
[Date "2022.12.27"]
[Round "3"]
[White "Nygren, Kim"]
[Black "Haraldsson, Leif"]
[Result "1-0"]
[WhiteElo "2206"]
[BlackElo "1911"]
[PlyCount "37"]
[EventDate "2022.12.27"]
[EventType "swiss"]
[EventRounds "8"]
[EventCountry "SWE"]
[SourceTitle "CBM 211 Extra"]
[Source "ChessBase"]
[SourceDate "2023.01.31"]
[SourceVersion "1"]
[SourceVersionDate "2023.01.31"]
[SourceQuality "1"]

1. d4 d6 2. Bf4 Nd7 3. Nf3 c6 4. e3 g6 5. Bc4 Bg7 6. 0-0 d5 7. Bb3 f5 8. c4 e6 9. Nc3 Ndf6 10. cxd5 exd5 11. Ne5 Ne7 12. f3 Nh5 13. Bg5 Qd6 14. e4 Nf6 15. Nxc6 fxe4 16. Nxe7 Qxe7 17. Nxd5 Qd6 18. Bxf6 Bxf6 19. fxe4 1-0

[Event "Helsingor Xtracon op"]
[Site "Helsingor"]
[Date "2019.07.23"]
[Round "5"]
[White "Jepsen, Thomas Tange"]
[Black "Haraldsson, Leif"]
[Result "1-0"]
[WhiteElo "2069"]
[BlackElo "1857"]
[PlyCount "81"]
[EventDate "2019.07.20"]
[EventType "swiss"]
[EventRounds "10"]
[EventCountry "DEN"]
[SourceTitle "CBM 191 Extra"]
[Source "ChessBase"]
[SourceDate "2019.09.30"]
[SourceVersion "1"]
[SourceVersionDate "2019.09.30"]
[SourceQuality "1"]

1. d4 d6 2. Nf3 Nd7 3. e4 e5 4. c3 h6 5. Bd3 Ne7 6. 0-0 g5 7. Nbd2 Ng6 8. Nc4 Bg7 9. Ne3 Nf4 10. Nf5 Qf6 11. Bb5 c6 12. dxe5 dxe5 13. Nd6+ Ke7 14. Nf5+ Kf8 15. Bxf4 gxf4 16. Be2 Nb6 17. N3h4 Kg8 18. Qd3 Be6 19. b3 Bf8 20. Kh1 Kh7 21. g3 Rd8 22. Qc2 Rg8 23. gxf4 exf4 24. e5 Qxe5 25. Ne7+ f5 26. Nxg8 Kxg8 27. c4 Qe4+ 28. Qxe4 fxe4 29. Rg1+ Kf7 30. Bh5+ Kf6 31. Rad1 Rxd1 32. Bxd1 f3 33. Bc2 Bc5 34. Rg6+ Ke5 35. Kg1 Bh3 36. Rxh6 Bg4 37. Rg6 Kf4 38. Bxe4 Bh5 39. Rh6 Kg5 40. Rh7 Kxh4 41. Bxf3 1-0

[Event "Helsingor Xtracon op"]
[Site "Helsingor"]
[Date "2019.07.20"]
[Round "1"]
[White "Fantinel, Thibault"]
[Black "Haraldsson, Leif"]
[Result "1-0"]
[WhiteElo "2374"]
[BlackElo "1857"]
[PlyCount "37"]
[EventDate "2019.07.20"]
[EventType "swiss"]
[EventRounds "10"]
[EventCountry "DEN"]
[SourceTitle "CBM 191 Extra"]
[Source "ChessBase"]
[SourceDate "2019.09.30"]
[SourceVersion "1"]
[SourceVersionDate "2019.09.30"]
[SourceQuality "1"]

1. e4 d6 2. d4 Nd7 3. Nf3 e5 4. Bc4 c6 5. 0-0 Qc7 6. dxe5 dxe5 7. Ng5 Nh6 8. f4 Bc5+ 9. Kh1 Nf6 10. f5 Nfg4 11. Nxf7 Nxf7 12. Qxg4 Kf8 13. Nd2 Be3 14. Nf3 Bxc1 15. Raxc1 Bd7 16. Qg3 Re8 17. Bxf7 Kxf7 18. Ng5+ Kf8 19. Ne6+ 1-0

[Event "Deltalift op"]
[Site "Tylosand"]
[Date "2019.05.30"]
[Round "1"]
[White "Sjoberg, Isak"]
[Black "Haraldsson, Leif"]
[Result "1-0"]
[WhiteElo "2208"]
[BlackElo "1870"]
[PlyCount "75"]
[EventDate "2019.05.30"]
[EventType "swiss"]
[EventRounds "8"]
[EventCountry "SWE"]
[SourceTitle "CBM 190 Extra"]
[Source "ChessBase"]
[SourceDate "2019.07.15"]
[SourceVersion "1"]
[SourceVersionDate "2019.07.15"]
[SourceQuality "1"]

1. e4 d6 2. d4 Nd7 3. Nf3 c6 4. Nc3 Qc7 5. a4 e5 6. Bc4 h6 7. 0-0 Be7 8. Be3 a5 9. Qe2 Nf8 10. Bb3 g5 11. Qc4 Rh7 12. dxe5 Be6 13. Qe2 dxe5 14. Rfd1 g4 15. Nd2 Nf6 16. Bxe6 Nxe6 17. Nc4 h5 18. Bb6 Qb8 19. Ne3 Ra6 20. Nc4 Nd7 21. Bxa5 Nd4 22. Qd3 Nc5 23. Qd2 Nce6 24. Bb6 Bg5 25. Qd3 Nf4 26. Qf1 Nxc2 27. Rac1 Nb4 28. a5 Nbd3 29. Rc2 h4 30. Rxd3 Nxd3 31. Qxd3 Ra8 32. Bc5 Be7 33. Bxe7 Kxe7 34. Rd2 Qc7 35. Qe3 Rg8 36. Qc5+ Ke8 37. Nd6+ Kf8 38. Ndb5+ 1-0

[Event "Helsingor Xtracon op"]
[Site "Helsingor"]
[Date "2018.07.29"]
[Round "10"]
[White "Dahl, Max"]
[Black "Haraldsson, Leif"]
[Result "1-0"]
[WhiteElo "1848"]
[BlackElo "1942"]
[PlyCount "33"]
[EventDate "2018.07.21"]
[EventType "swiss"]
[EventRounds "10"]
[EventCountry "DEN"]
[SourceTitle "CBM 185 Extra"]
[Source "ChessBase"]
[SourceDate "2018.07.29"]
[SourceVersion "1"]
[SourceVersionDate "2018.07.29"]
[SourceQuality "1"]

1. e4 e5 2. Nf3 d6 3. d4 Nd7 4. Bc4 Be7 5. 0-0 h6 6. dxe5 Nxe5 7. Nxe5 dxe5 8. Qh5 g6 9. Qxe5 Nf6 10. Nc3 c6 11. Be3 Kf8 12. Rad1 Qe8 13. Bc5 Rh7 14. Qxf6 Bg4 15. Qxe7+ Qxe7 16. Bxe7+ Kxe7 17. f3 1-0

[Event "Deltalift op"]
[Site "Tylosand"]
[Date "2018.05.10"]
[Round "1"]
[White "Haraldsson, Leif"]
[Black "Tikkanen, Hans"]
[Result "0-1"]
[WhiteElo "1941"]
[BlackElo "2492"]
[PlyCount "64"]
[EventDate "2018.05.10"]
[EventType "swiss"]
[EventRounds "8"]
[EventCountry "SWE"]
[SourceTitle "CBM 184 Extra"]
[Source "ChessBase"]
[SourceDate "2018.06.28"]
[SourceVersion "1"]
[SourceVersionDate "2018.06.28"]
[SourceQuality "1"]

1. f4 d5 2. Nf3 e6 3. c3 b6 4. Qc2 Bb7 5. d4 Nf6 6. e3 Nbd7 7. a4 c5 8. a5 Bd6 9. axb6 axb6 10. Rxa8 Qxa8 11. Bd3 0-0 12. 0-0 Ba6 13. Ne5 Bxe5 14. fxe5 Bxd3 15. Qxd3 c4 16. Qe2 Ne4 17. Nd2 Nxd2 18. Bxd2 f6 19. Qg4 Qe8 20. e4 fxe5 21. Rxf8+ Kxf8 22. exd5 exd5 23. Qf3+ Qf7 24. Kf2 Qxf3+ 25. Kxf3 exd4 26. cxd4 Nb8 27. Bf4 Nc6 28. Ke3 Ke7 29. Bc7 b5 30. Bb6 b4 31. Bc5+ Kf6 32. Bf8 b3 0-1

[Event "Gibraltar Masters 8th"]
[Site "Caleta"]
[Date "2010.01.29"]
[Round "4"]
[White "Sommerhalder, Eric"]
[Black "Haraldsson, Leif"]
[Result "0-1"]
[WhiteElo "1899"]
[BlackElo "2050"]
[PlyCount "62"]
[EventDate "2010.01.26"]
[EventType "swiss"]
[EventRounds "10"]
[EventCountry "GGB"]
[SourceTitle "CBM 134 Extra"]
[Source "ChessBase"]
[SourceDate "2010.03.03"]
[SourceVersion "1"]
[SourceVersionDate "2010.03.03"]
[SourceQuality "1"]

1. e4 e5 2. Nf3 d6 3. d4 Qe7 4. dxe5 dxe5 5. Nc3 c6 6. h3 h6 7. Be3 Nf6 8. Qd2 Qc7 9. a3 Be6 10. 0-0-0 Be7 11. Bd3 Nbd7 12. Qe2 b5 13. g4 a5 14. Nb1 Nc5 15. Nbd2 Na4 16. Nb3 Nd7 17. Nfd2 b4 18. axb4 axb4 19. Bc4 Bxc4 20. Qxc4 0-0 21. Rhg1 Nab6 22. Qe2 c5 23. Nc4 Nxc4 24. Qxc4 Rfb8 25. g5 Nb6 26. Qe2 c4 27. Nd2 c3 28. Nb3 cxb2+ 29. Kb1 Ra1+ 30. Nxa1 bxa1Q+ 31. Kxa1 Qc3+ 0-1

[Event "Gibraltar Masters 8th"]
[Site "Caleta"]
[Date "2010.01.28"]
[Round "3"]
[White "Haraldsson, Leif"]
[Black "Sedina, Elena"]
[Result "0-1"]
[WhiteElo "2050"]
[BlackElo "2335"]
[PlyCount "54"]
[EventDate "2010.01.26"]
[EventType "swiss"]
[EventRounds "10"]
[EventCountry "GGB"]
[SourceTitle "CBM 134 Extra"]
[Source "ChessBase"]
[SourceDate "2010.03.03"]
[SourceVersion "1"]
[SourceVersionDate "2010.03.03"]
[SourceQuality "1"]

1. e4 Nf6 2. Nc3 d5 3. exd5 Nxd5 4. Nxd5 Qxd5 5. Nf3 e5 6. d4 Nc6 7. dxe5 Qxd1+ 8. Kxd1 Bg4 9. Be2 0-0-0+ 10. Bd2 Bxf3 11. gxf3 Nxe5 12. Kc1 Bc5 13. Rf1 Rhe8 14. f4 Ng6 15. Bd3 Bd6 16. Bc4 Bxf4 17. Bxf4 Nxf4 18. Bxf7 Re7 19. Bc4 Ne2+ 20. Kb1 Rd4 21. b3 Rh4 22. Kb2 Nd4 23. Rad1 c6 24. f4 Nf5 25. Bd3 Ne3 26. Rde1 Kd8 27. Re2 Nxf1 0-1

[Event "Gibraltar Masters 8th"]
[Site "Caleta"]
[Date "2010.01.26"]
[Round "1"]
[White "Haraldsson, Leif"]
[Black "Gates, David"]
[Result "1-0"]
[WhiteElo "2050"]
[BlackElo "1702"]
[PlyCount "95"]
[EventDate "2010.01.26"]
[EventType "swiss"]
[EventRounds "10"]
[EventCountry "GGB"]
[SourceTitle "CBM 134 Extra"]
[Source "ChessBase"]
[SourceDate "2010.03.03"]
[SourceVersion "1"]
[SourceVersionDate "2010.03.03"]
[SourceQuality "1"]

1. f4 d5 2. Nf3 Nf6 3. g3 Nc6 4. Bg2 e6 5. 0-0 Bc5+ 6. d4 Bb6 7. c3 0-0 8. e3 a5 9. Nh4 Ne7 10. Nd2 c5 11. Kh1 Bd7 12. a4 Bc6 13. b3 Rc8 14. Ba3 cxd4 15. cxd4 Re8 16. Rc1 Nf5 17. Qe2 Ba7 18. Bh3 g6 19. Nhf3 Ne4 20. Rg1 Bb8 21. g4 Nfd6 22. Rcf1 b5 23. f5 bxa4 24. fxg6 hxg6 25. Bxd6 Nxd6 26. Qf2 axb3 27. Ne5 Rf8 28. Nxb3 Bb5 29. Ra1 Ne4 30. Qb2 Qh4 31. Nc5 Nf2+ 32. Kg2 Qxh3+ 33. Kxf2 Qxh2+ 34. Rg2 Qh4+ 35. Kf3 Bxe5 36. dxe5 Rxc5 37. Rh2 Qg5 38. Rah1 f5 39. Rh8+ Kf7 40. Rxf8+ Kxf8 41. Rg1 a4 42. Qb4 Qe7 43. gxf5 Be2+ 44. Kf2 gxf5 45. Qb8+ Qe8 46. Qd6+ Qe7 47. Rg8+ Kf7 48. Rg7+ 1-0

[Event "Calvia Amateur op 5th"]
[Site "Calvia"]
[Date "2008.10.11"]
[Round "2"]
[White "Planas Gene, Juan"]
[Black "Haraldsson, Leif"]
[Result "1-0"]
[WhiteElo "2184"]
[BlackElo "2087"]
[PlyCount "79"]
[EventDate "2008.10.10"]
[EventType "swiss"]
[EventRounds "9"]
[EventCountry "ESP"]
[SourceTitle "CBM 126 Extra"]
[Source "ChessBase"]
[SourceDate "2008.11.05"]
[SourceVersion "1"]
[SourceVersionDate "2008.11.05"]
[SourceQuality "1"]

1. d4 d5 2. c4 e6 3. Nc3 f5 4. Nf3 c6 5. g3 Nf6 6. Bg2 Be7 7. 0-0 0-0 8. b3 Qe8 9. Bb2 Nbd7 10. Qc2 Qh5 11. Ne5 Bd6 12. Nxd7 Bxd7 13. e3 Ng4 14. h3 Bxg3 15. fxg3 Nxe3 16. Qe2 Qxe2 17. Nxe2 Nxf1 18. Rxf1 Rf6 19. Nf4 g5 20. Nd3 Re8 21. Ne5 Bc8 22. Bc1 h6 23. c5 Kg7 24. h4 gxh4 25. gxh4 Kh7 26. Bf4 Rg8 27. h5 Rg7 28. Kf2 Rf8 29. Bf3 Rfg8 30. b4 a6 31. a4 Re8 32. Rb1 Bd7 33. Be2 Reg8 34. Ng6 Be8 35. Be5 Bxg6 36. Bxg7 Rxg7 37. hxg6+ Rxg6 38. Rg1 Rg5 39. Rxg5 hxg5 40. Bxa6 1-0